Zelená investíciám s vyššou pridanou hodnotou
Zahraničné investície na Slovensku. Rast investičných projektov. Zmeny v štruktúre prichádzajúcich investícií. Vodcovstvo automobilového priemyslu. Investície v elektronickom premysle. Potreba vzdelaných pracovníkov. Pomoc pre znevýhodnené regióny.
Saved in:
| Main Author: | |
|---|---|
| Format: | Book Chapter |
| Language: | Slovak |
| Subjects: | |
| Tags: |
No Tags, Be the first to tag this record!
|
MARC
| LEADER | 00000naa$a2200000$$$4500 | ||
|---|---|---|---|
| 001 | 0054998 | ||
| 005 | 20231006122030.3 | ||
| 041 | 0 | |a slo | |
| 044 | |a SK | ||
| 245 | 1 | 0 | |a Zelená investíciám s vyššou pridanou hodnotou |c Jana Murínová |
| 520 | |a Zahraničné investície na Slovensku. Rast investičných projektov. Zmeny v štruktúre prichádzajúcich investícií. Vodcovstvo automobilového priemyslu. Investície v elektronickom premysle. Potreba vzdelaných pracovníkov. Pomoc pre znevýhodnené regióny. | ||
| 610 | 2 | 0 | |a investície |
| 610 | 2 | 0 | |a investície zahraničné |
| 610 | 2 | 0 | |a Slovensko |
| 610 | 2 | 0 | |a regióny |
| 610 | 2 | 0 | |a vzdelanie |
| 610 | 2 | 0 | |a priemysel automobilový |
| 610 | 2 | 0 | |a elektrotechnika |
| 610 | 2 | 0 | |a hodnota pridaná |
| 100 | 1 | |a Murínová, Jana | |